Mastering graphics : design and production made easy /

Bibliographic Details
Main Author: White, Jan V., 1928-
Format: Book
Language:English
Published: New York : R.R. Bowker, [1983]
Subjects:

MARC

Tag First Indicator Second Indicator Subfields
LEADER 00000cam a22000008a 4500
001 in00000511804
005 20151013080209.0
008 830309s1983 nyu 00110 eng
010 |a  83006004  
020 |a 0835217043 
035 |a (OCoLC)09392993 
035 |9 ACE9502AM 
039 0 |a 2  |b 3  |c 3  |d 3  |e 3 
040 |a DLC  |c DLC  |d TXA  |d UtOrBLW 
049 |a TXAM  |c [1676430] 
050 0 0 |a Z253  |b .W47 1983 
082 0 |a 686.2  |2 19 
100 1 |a White, Jan V.,  |d 1928- 
245 1 0 |a Mastering graphics :  |b design and production made easy /  |c Jan V. White. 
263 |a 8307 
264 1 |a New York :  |b R.R. Bowker,  |c [1983] 
300 |a xiv, 180 pages :  |b illustrations 
336 |a text  |b txt  |2 rdacontent 
337 |a unmediated  |b n  |2 rdamedia 
338 |a volume  |b nc  |2 rdacarrier 
500 |a Includes index. 
650 0 |a Graphic arts. 
650 0 |a Printing. 
650 0 |a Newsletters. 
650 0 |a House organs. 
650 0 |a Pamphlets  |x Design. 
999 |a MARS 
999 f f |s 87217650-33ba-3210-9028-cf437cad7ad7  |i d0811128-f303-3f2a-865a-28df99fb3873  |t 0 
952 f f |p ric  |a Texas A&M University  |b Rellis Campus  |c Joint Library Facility  |d Remote Storage  |t 0  |e Z253 .W47 1983  |h Library of Congress classification  |i unmediated -- volume  |m A14807947624 
998 f f |a Z253 .W47 1983  |t 0  |l Remote Storage